Представление документа в формате RUSMARC

ПолеНазваниеЗначение
  Тип записи a
  Библиографический уровень c
001 Контрольный номер eaed4b305a8d410cbb76484a612399e8
005 Дата корректировки 20201206205215.9
010 Индекс ISBN __
a ISBN 978-5-386-09870-4 (в пер.)
d Цена 512-90
100 Данные общей обработки __
a Данные общей обработки 19191112d2018||||||| 0rusy0189 ca
101 Язык документа 0_
a Язык текста rus
102 Страна публикации __
a Страна публикации RU|
102 Страна публикации __
a Страна публикации RU
105 Кодированные данные (монография) __
a Кодированные данные (монография) #|||||||000zy
200 Заглавие и сведения об ответственности 1_
a Заглавие Праздник лишних орлов
e Сведения, относящиеся к заглавию [повести, рассказы]
f Первые сведения об ответственности Александр Бушковский ; [предисловие Валерии Пустовой]
b Общее обозначение материала Текст
210 Выходные данные __
a Место издания Москва
c Издательство РИПОЛ классик
d Дата издания 2018
215 Физическое описание __
a Объем 367, [2] с.
d Формат 21 см
225 Серия __
a Серия Новая проза
300 Общие примечания __
a Общие примечания На обложке: Номинант крупнейших литературных премий
300 Общие примечания __
a Общие примечания Содержит нецензурную брань
327 Примечание о содержании __
a Примечание о содержании Дикие гуси : повесть
327 Примечание о содержании __
a Примечание о содержании Страшные русские : рассказ
327 Примечание о содержании __
a Примечание о содержании Вулкан : рассказ
327 Примечание о содержании __
a Примечание о содержании Край : рассказ
327 Примечание о содержании __
a Примечание о содержании Ящер и Кощей : рассказ
327 Примечание о содержании __
a Примечание о содержании Такие и не такие : рассказ
327 Примечание о содержании __
a Примечание о содержании Как сплести канатик : рассказ
327 Примечание о содержании __
a Примечание о содержании Мама : рассказ
327 Примечание о содержании __
a Примечание о содержании Спецназ-блюз : рассказ
327 Примечание о содержании __
a Примечание о содержании Земфире : рассказ
327 Примечание о содержании __
a Примечание о содержании Нирвана : рассказ
327 Примечание о содержании __
a Примечание о содержании Снова за яблоками : рассказ
327 Примечание о содержании __
a Примечание о содержании Радуйся! : рассказ
327 Примечание о содержании __
a Примечание о содержании То, что меня раздражает : рассказ
327 Примечание о содержании __
a Примечание о содержании Индейские сказки : рассказ
327 Примечание о содержании __
a Примечание о содержании Простые аккорды : рассказ
330 Аннотация __
a Аннотация В центре сюжета этой книги - судьбы друзей - Фомы, Пуха, Горя и Скворца. Они бывшие сослуживцы, воевали в Чечне, по после войны в мирной жизни майорам и офицерам порой не так-то просто найти свое место. Жены устают терпеть военный синдром, па работе успеха добиваются другие, и Фома находит свой непростой путь к Богу, отправившись в Соловецкий монастырь "трудником", чтобы снова обрести утраченную способность радоваться людям и миру вокруг. Снова найти путь к сердцу своей маленькой дочки. Эта книга - о простых героях нашего сложного времени, о настоящих мужчинах, способных совершать поступки без лишних слов и сантиментов. Жестокая, честная и освежающая проза!
333 Примечание о целевом назначении __
a Примечание о целевом назначении 18+. Запрещено для детей
606 Тематические рубрики __
a Основная рубрика Художественная литература
606 Тематические рубрики __
a Основная рубрика Современная русская литература (произведения)
610 Ключевые слова __
a Ключевые слова тема чеченской войны
610 Ключевые слова __
a Ключевые слова тема Чечни
610 Ключевые слова __
a Ключевые слова тема друзей
610 Ключевые слова __
a Ключевые слова тема мужской дружбы
610 Ключевые слова __
a Ключевые слова тема мужчин
610 Ключевые слова __
a Ключевые слова тема дружбы
610 Ключевые слова __
a Ключевые слова тема войны
610 Ключевые слова __
a Ключевые слова повести
610 Ключевые слова __
a Ключевые слова рассказы
610 Ключевые слова __
a Ключевые слова современная проза
610 Ключевые слова __
a Ключевые слова мужская проза
686 Индексы других классификаций __
2 Код системы rubbks
a Классификационный индекс 84(2=411.2)6-4; ст84(2=411.2)6-4
700 Автор _1
a Фамилия Бушковский
b Имя А. С.
f Даты 1970-
g Полное личное имя Александр Сергеевич
4 Код отношения 070
701 Альтернативная интеллектуальная ответственность _1
a Фамилия Пустовая
b Имя В. Е.
f Даты 1982-
g Полное личное имя Валерия Ефимовна
4 Код отношения 080
801 Источник записи _0
a Страна RU
b Организация Муниципальное бюджетное учреждение культуры "Централизованная библиотечная система" г. Сургут (Центральная городская библиотека им. А. С. Пушкина)
c Дата составления 20191112
g Правила каталогизации PSBO
801 Источник записи _1
a Страна RU
b Организация Муниципальное бюджетное учреждение культуры "Централизованная библиотечная система" г. Сургут (Центральная городская библиотека им. А. С. Пушкина)
c Дата составления 20191112
g Правила каталогизации PSBO
852 Данные о местонахождении __
j Шифр хранения 84(2=411.2)6-4
i Авторский знак Б 94
901 Тип документа __
a Ответственный КиК/Лукашук
t Тип документа x
903 Характеристики (МАРС) __
a Дата передачи 20191112
990 Данные о заказе (DOS) __
j Количество экземпляров (DOS) 2
t N записи в КСУ для И/У (DOS) 201911